000 00472nam a2200193 a 4500
001 940
003 CO-ViMGA
008 141112s2004 ck r 000 u spa d
040 _aCO-ViMGA
_bspa
_cCO-ViMGA
082 _a834.8 N437a
100 1 _aNietzsche, Friedrich
245 1 0 _aAsĂ­ hablaba zaratustra
250 _a5a
260 _aMexico :
_bPorrĂșa,
_c1996
300 _a183 p
490 _aSepan cuantos, 395
650 1 4 _aENSAYOS ALEMANES
_94945
942 _2ddc
_cBK
999 _c11297
_d11297